000 01324nam a22003617a 4500
003 CHAP
005 20220817044520.0
008 120308s2011 it rn 00010 d
010 _a103024
011 _a103996
020 _a9789250067872
035 _a114685
040 _cCHAP
082 0 4 _a639.2
_bF46b v.963
110 2 _aFAO
245 1 0 _aReport of the Africa regional consultative meeting on securing sustainable small-scale fisheries :
_bbringing together responsible fisheries and social development
_c/por FAO
260 _aRoma :
_bFAO,
_c2011
300 _axv, 68 p.
490 0 _aFAO. Informe de pesca y acuicultura
_v; 963
500 _aEdición bilingüe (inglés, fráncés)
500 _aMaputo, Mozambique, 12-14 october 2010
590 _aBATCH-UPD
_b10
_c20130110
_lUCH01
_h0959
590 _aBATCH-UPD
_b10
_c20130410
_lUCH01
_h0611
590 _aCONVERSION
_b10
_c20130109
_lUCH01
_h1357
650 1 4 _aDesarrollo social.
650 1 4 _aPesca sostenible.
_987440
650 1 4 _aPesca
_xAfrica.
_987354
830 1 0 _aFAO. Informe de pesca y acuicultura
_v; 963
_939588
901 _aBK
942 _cLIBRO
949 _a639.2 F46b v.963
_bBC
_cFAO
_d33724002301371
_eFAO2
_fc.2
_gDonaciØn
_h116451
_i114685
_sb
949 _a639.2 F46b v.963
_bBC
_cFAO
_d33724002318835
_eFAO1
_gDonaciØn
_h116416
_i114685
_sb
999 _c103024
_d103024